Política científica y tecnológica: evaluación del I-D en la universitat de Barcelona

Gardado en:
Detalles Bibliográficos
Autor Principal: Bellavista, Joan (Author)
Formato: Libro
Idioma:Lingua castelá
Publicado: Barcelona Universitat de Barcelona 1993
Subjects:
Tags: Engadir etiqueta
Sen Etiquetas, Sexa o primeiro en etiquetar este rexistro!

MARC

LEADER 00000nam a2200000 a 4500
001 UCY2733
003 CL-VaPUC
008 941115e19930000SP |||||||||||||||||spa|d
082 0 4 |a 001.4  |b BEL  |2 21 
100 0 |a Bellavista, Joan  |e author  |9 330803 
245 1 0 |a Política científica y tecnológica: evaluación del I-D en la universitat de Barcelona 
300 |a 331 p 
942 |c BK 
945 |d 19941115 00:00:00  |a mfernand 
260 |a Barcelona  |b Universitat de Barcelona  |c 1993 
650 0 |a Investigación científica  |9 259857 
650 7 |a DESARROLLO CIENTIFICO Y TECNOLOGICO  |2 CL-VaPUC  |9 259101 
651 0 |a España  |9 254926 
583 |a last modification  |c 19941115 00:00:00  |k Rodrigo Vera 
999 |c 231063  |d 231061 
952 |0 0  |1 0  |4 0  |6 001_400000000000000_BEL_1993  |7 0  |8 A  |9 233861  |a BIBING  |b BIBING  |d 2019-11-15  |i 3034658  |o 001.4 BEL 1993  |p 3034658  |r 2024-01-25  |w 2019-11-15  |y BK  |k ING